God Bless the USA Verse 2 - Statistics

General Stats
  • This quiz has been taken 7 times
  • The average score is 32 of 44
Answer Stats
Answer % Correct
American
100%
and
100%
and
100%
and
100%
the
83%
the
83%
the
83%
to
83%
to
83%
to
83%
to
83%
across
67%
Detroit
67%
down
67%
every
67%
From
67%
from
67%
from
67%
heart
67%
hills
67%
Houston
67%
in
67%
its
67%
L.A.
67%
lakes
67%
Minnesota
67%
New
67%
of
67%
of
67%
of
67%
plains
67%
pride
67%
say
67%
sea
67%
sea
67%
shining
67%
stand
67%
Tennessee
67%
Texas
67%
there's
67%
time
67%
we
67%
Well
67%
York
67%
No matching quizzes found
Score Distribution
Percent of People with Each Score
Percentile by Number Answered
Your Score History
You have not taken this quiz